00500nam a2200181 a 4500001001300000003000900013005001700022008004100039020001000080082001500090100002300105245004800128260003300176500003500209505002700244650002400271700002300295nice12345678IN_TiNIC20260116012008.0050524s1960 pera grp 000 0 ara  ac10000a268.6bHAZ aHazeem, Aghnatayus aTaleem-Ul-Qawaneen 3 Volumes Bound Together aPersia bNo Publishersc1960 aincludes index and biblioraphy2 a3 Vols. Bound Together aChristian-Education1 aHazeem, Aghnatayus